[Event "GER-chT9 KI-34 Br01 email"]
[Site "GER email"]
[Date "2011.10.17"]
[Round "?"]
[White "Von de Heydt, Hans Joachim"]
[Black "Firsching, Guenter"]
[Result "1/2-1/2"]
[WhiteElo "1885"]
[BlackElo "2097"]
[PlyCount "56"]
[EventDate "2011.10.23"]
[EventType "tourn (corr)"]
[EventRounds "4"]
[EventCountry "GER"]
[SourceTitle "Corr 2015"]
[Source "ChessBase"]
[SourceDate "2015.07.17"]
[SourceVersion "1"]
[SourceVersionDate "2015.07.17"]
[SourceQuality "1"]

1. e4 c5 2. Nf3 Nc6 3. d4 cxd4 4. Nxd4 Nf6 5. Nc3 e5 6. Ndb5 d6 7. Bg5 a6 8. Na3 b5 9. Nd5 Be7 10. Bxf6 Bxf6 11. c3 0-0 12. Nc2 Bg5 13. a4 bxa4 14. Rxa4 a5 15. Bc4 Rb8 16. b3 Kh8 17. 0-0 f5 18. exf5 Bxf5 19. Nce3 Bg6 20. Bd3 Bxd3 21. Qxd3 Bxe3 22. fxe3 Rxf1+ 23. Qxf1 Rxb3 24. Rc4 Rb5 25. Nc7 Rb6 26. Nd5 Rb5 27. Nc7 Rb6 28. Nd5 Rb5 1/2-1/2